[Event "4. Mem- Oliver Gonzalez 2015 - Torneo B"]
[Site "Madrid ESP"]
[Date "2015.10.12"]
[Round "3.17"]
[White "Lizon Martinez, Santiago"]
[Black "Wolf, Philipp"]
[Result "0-1"]
[WhiteElo "1671"]
[BlackElo "1476"]
[PlyCount "62"]
[EventDate "2015.10.10"]
[EventType "swiss"]
[EventRounds "9"]
[EventCountry "ESP"]
[Source "lmi"]
[SourceDate "2015.10.10"]

1. e4 c5 2. Nf3 e6 3. d4 cxd4 4. Nxd4 Nf6 5. Bd3 a6 6. O-O d6 7. Nc3 Be7 8. Kh1
O-O 9. Nb3 b6 10. f4 Nbd7 11. Qf3 Bb7 12. Qh3 Rc8 13. Be3 Rc7 14. e5 dxe5 15.
fxe5 Nxe5 16. Bxb6 Nxd3 17. Bxc7 Qxc7 18. Qxd3 Rd8 19. Qh3 e5 20. Rad1 Re8 21.
Rfe1 e4 22. Re3 Bc8 23. Qg3 Bd6 24. Qh4 Ng4 25. Rxe4 Rxe4 26. Nxe4 Be7 27. Qg3
Qxc2 28. Rc1 Qxe4 29. Rxc8+ Bf8 30. h3 Ne3 31. Nc5 Qb1+ 0-1

[Event "4. Mem- Oliver Gonzalez 2015 - Torneo B"]
[Site "Madrid ESP"]
[Date "2015.10.12"]
[Round "3.18"]
[White "Cabedo Marquez, Ramon"]
[Black "Tateo, Ida"]
[Result "1-0"]
[WhiteElo "1656"]
[BlackElo "1276"]
[PlyCount "37"]
[EventDate "2015.10.10"]
[EventType "swiss"]
[EventRounds "9"]
[EventCountry "ESP"]
[Source "lmi"]
[SourceDate "2015.10.10"]

1. e4 c5 2. Nf3 d6 3. Nc3 Nc6 4. Bc4 e6 5. O-O g6 6. d4 cxd4 7. Nxd4 Bg7 8.
Ndb5 Bf8 9. Bf4 e5 10. Bg3 a6 11. Na3 Nf6 12. Bd5 Bd7 13. Nc4 Qc7 14. f4 b5 15.
fxe5 dxe5 16. Rxf6 bxc4 17. Bxf7+ Kd8 18. Bd5 Ne7 19. Bxa8 1-0

[Event "4. Mem- Oliver Gonzalez 2015 - Torneo B"]
[Site "Madrid ESP"]
[Date "2015.10.12"]
[Round "3.19"]
[White "Municio Zuniga, Jose"]
[Black "Folgar Lopez, Angel"]
[Result "0-1"]
[WhiteElo "1786"]
[BlackElo "1584"]
[PlyCount "100"]
[EventDate "2015.10.10"]
[EventType "swiss"]
[EventRounds "9"]
[EventCountry "ESP"]
[Source "lmi"]
[SourceDate "2015.10.10"]

1. c4 e5 2. Nc3 d6 3. g3 Nf6 4. Bg2 c6 5. Nf3 Be6 6. b3 Qd7 7. Ng5 Bf5 8. e4
Bg4 9. f3 Bh5 10. h4 h6 11. Nh3 Bg6 12. Nf2 Be7 13. Bb2 O-O 14. d3 Na6 15. Qd2
Nc7 16. O-O-O a5 17. f4 Bh7 18. Na4 Ra6 19. fxe5 dxe5 20. Bxe5 Ne6 21. g4 b5
22. Nb2 Bb4 23. Qe3 Qe7 24. g5 Nd7 25. Ng4 Nxe5 26. Nxe5 f6 27. gxf6 Rxf6 28.
Ng4 Bc5 29. Nxf6+ Qxf6 30. Qf3 Qc3+ 31. Kb1 a4 32. Rc1 Qd4 33. Rhf1 a3 34. Qf7+
Kh8 35. Qe8+ Bg8 36. Nd1 Qxd3+ 37. Rc2 Nd4 38. Rff2 Qxd1+ 39. Rc1 Qd3+ 40. Ka1
Nxb3+ 41. axb3 Qd4+ 42. Kb1 a2+ 43. Rxa2 Rxa2 44. Kxa2 Qd2+ 45. Kb1 Ba3 46. Qe5
Qxc1+ 47. Ka2 b4 48. Bh3 Qc2+ 49. Ka1 Qxb3 50. Qh2 Qc3+ 0-1

[Event "4. Mem- Oliver Gonzalez 2015 - Torneo B"]
[Site "Madrid ESP"]
[Date "2015.10.12"]
[Round "3.20"]
[White "Galdeano Williams, Tomas"]
[Black "Martin Rodriguez, Jose Luis"]
[Result "1-0"]
[WhiteElo "1391"]
[BlackElo "1413"]
[PlyCount "117"]
[EventDate "2015.10.10"]
[EventType "swiss"]
[EventRounds "9"]
[EventCountry "ESP"]
[Source "lmi"]
[SourceDate "2015.10.10"]

1. e4 e6 2. d4 d5 3. Nc3 Nf6 4. Bg5 Be7 5. e5 Nfd7 6. Bxe7 Qxe7 7. Qh5 c5 8.
Nf3 h6 9. Nb5 Na6 10. Nd6+ Kf8 11. Ng5 g6 12. Qf3 hxg5 13. Bd3 Kg7 14. c3 Rf8
15. Nb5 cxd4 16. Nxd4 Nxe5 17. Qe2 Nxd3+ 18. Qxd3 Nc7 19. O-O-O Bd7 20. Rde1
Qf6 21. Rhf1 a6 22. g3 Bb5 23. Nxb5 Nxb5 24. f4 Qd8 25. fxg5 Qxg5+ 26. Kb1 Qd8
27. h4 Rh8 28. Qf3 Rf8 29. h5 Qg5 30. h6+ Kh7 31. g4 Kxh6 32. Rh1+ Kg7 33. Ref1
Nd6 34. Qh3 Rg8 35. Qh7+ Kf8 36. Qh2 Ke7 37. Rd1 Qxg4 38. Rhg1 Qf5+ 39. Ka1 Rh8
40. Qd2 Ne4 41. Qd4 Rh2 42. Qb6 Nd6 43. Qc7+ Kf8 44. Qxd6+ Kg7 45. Qxh2 Rh8 46.
Qf2 Qxf2 47. Rgf1 Qg2 48. Rg1 Qe4 49. Rde1 Qf5 50. Rgf1 Qg4 51. Rg1 Qf3 52. Rd1
Rh2 53. Rdf1 Qe2 54. Rb1 Rf2 55. Rge1 Qd2 56. Red1 Qf4 57. Rd4 Qh2 58. Rdd1 Qg2
59. Re1 1-0

[Event "4. Mem- Oliver Gonzalez 2015 - Torneo B"]
[Site "Madrid ESP"]
[Date "2015.10.14"]
[Round "5.1"]
[White "Sirera Ripoll, Jose Luis"]
[Black "Menendez Hernandez, Jose"]
[Result "0-1"]
[WhiteElo "1749"]
[BlackElo "1845"]
[PlyCount "130"]
[EventDate "2015.10.10"]
[EventType "swiss"]
[EventRounds "9"]
[EventCountry "ESP"]
[Source "lmi"]
[SourceDate "2015.10.10"]

1. e4 c5 2. Nc3 g6 3. f4 Nc6 4. Nf3 Bg7 5. Bc4 d6 6. O-O e6 7. f5 Nf6 8. fxg6
hxg6 9. d3 O-O 10. Qe1 Ng4 11. Qg3 Nge5 12. Ng5 Bf6 13. Qh4 Re8 14. Kh1 a6 15.
a4 b6 16. Rf2 Ra7 17. Be3 Kg7 18. Qh7+ Kf8 19. Raf1 Bxg5 20. Qh8+ Ke7 21. Bxg5+
Kd7 22. Qh4 Qc7 23. Rxf7+ Nxf7 24. Rxf7+ Ne7 25. Nd5 exd5 26. Qh3+ Kd8 27.
Bxe7+ Qxe7 28. Rxe7 Raxe7 29. Qg3 dxc4 30. Qxd6+ Rd7 31. Qxb6+ Rc7 32. Qd6+ Bd7
33. Qf6+ Re7 34. Qxg6 cxd3 35. cxd3 Re6 36. Qg3 Kc8 37. h4 Bxa4 38. h5 Rcc6 39.
Qg8+ Kc7 40. g4 Bc2 41. g5 Bxd3 42. g6 Bxe4+ 43. Kh2 Bxg6 44. hxg6 Rxg6 45. Qa8
Kb6 46. Qb8+ Ka5 47. Qb3 Rg4 48. Qc3+ Rb4 49. Kg2 c4 50. Kf2 Rcb6 51. b3 cxb3
52. Qa1+ Kb5 53. Qe5+ Kc4 54. Qe4+ Kb5 55. Qe8+ Kc4 56. Qe4+ Kc3 57. Qe5+ Kc2
58. Qe2+ Kb1 59. Qd1+ Ka2 60. Qd2+ b2 61. Qd5+ Rb3 62. Qa5+ Ra3 63. Qd5+ Rbb3
64. Qd2 Ka1 65. Qd4 Rc3 0-1

[Event "4. Mem- Oliver Gonzalez 2015 - Torneo B"]
[Site "Madrid ESP"]
[Date "2015.10.14"]
[Round "5.2"]
[White "Tevar Sanz, Gonzalo"]
[Black "Marin Aso, Jose Luis"]
[Result "0-1"]
[WhiteElo "1704"]
[BlackElo "1729"]
[PlyCount "76"]
[EventDate "2015.10.10"]
[EventType "swiss"]
[EventRounds "9"]
[EventCountry "ESP"]
[Source "lmi"]
[SourceDate "2015.10.10"]

1. d4 c5 2. d5 Nf6 3. Nc3 d6 4. e4 g6 5. Bg5 Bg7 6. Qd2 O-O 7. Bh6 Bxh6 8. Qxh6
e6 9. O-O-O exd5 10. exd5 a6 11. Nf3 Ng4 12. Qd2 Re8 13. h3 Nf6 14. g4 b5 15.
g5 Nh5 16. Re1 b4 17. Ne4 Bf5 18. Nf6+ Nxf6 19. Rxe8+ Nxe8 20. Nh4 Ng7 21. Nxf5
Nxf5 22. h4 Ra7 23. h5 Re7 24. Bd3 Qe8 25. h6 a5 26. c3 Nd7 27. f4 Nb6 28. b3
bxc3 29. Qxc3 Nd4 30. Qxa5 Nxd5 31. Bc4 Nxf4 32. Kb2 Re3 33. Qc7 Nd3+ 34. Bxd3
Rxd3 35. Qxd6 Qe2+ 36. Kb1 Rd1+ 37. Rxd1 Qxd1+ 38. Kb2 Qc2+ 0-1

[Event "4. Mem- Oliver Gonzalez 2015 - Torneo B"]
[Site "Madrid ESP"]
[Date "2015.10.14"]
[Round "5.3"]
[White "Calderon Rojo, Borja"]
[Black "Vazquez Gonzalez, Francisco"]
[Result "0-1"]
[WhiteElo "1874"]
[BlackElo "1929"]
[PlyCount "118"]
[EventDate "2015.10.10"]
[EventType "swiss"]
[EventRounds "9"]
[EventCountry "ESP"]
[Source "lmi"]
[SourceDate "2015.10.10"]

1. e4 e5 2. Nf3 Nc6 3. Bb5 f5 4. Nc3 Nf6 5. d3 fxe4 6. dxe4 Bc5 7. O-O d6 8.
Bg5 O-O 9. Nd5 Kh8 10. h3 Be6 11. Nc3 Qd7 12. Kh2 Qf7 13. Be3 Bxe3 14. fxe3 Qh5
15. Kg1 Qh6 16. Qe1 a6 17. Ba4 g5 18. Bb3 Bxb3 19. axb3 g4 20. Nh4 gxh3 21.
gxh3 Rg8+ 22. Kh2 Ne7 23. Rg1 Rxg1 24. Kxg1 Rg8+ 25. Kh2 Rg5 26. Qf1 Ng4+ 27.
hxg4 Qxh4+ 28. Qh3 Qxg4 29. Qxg4 Rxg4 30. Kh3 Rg6 31. Ne2 Kg7 32. Ng3 Kf7 33.
b4 Rf6 34. Kg2 c6 35. Rh1 Kg6 36. Rh4 Rf7 37. Rg4+ Kf6 38. Nh5+ Ke6 39. Ng7+
Kd7 40. Nh5 Kc7 41. Ng3 Kb6 42. b3 c5 43. bxc5+ Kxc5 44. c3 a5 45. Ne2 b5 46.
Nc1 a4 47. Nd3+ Kb6 48. b4 Ng6 49. Nc1 Kc6 50. Na2 Kd7 51. Nc1 Ke7 52. Na2 Kf8
53. Nc1 Kg7 54. Na2 Kh6 55. Rg3 Nh4+ 56. Kh3 Kh5 57. Rg4 Rf3+ 58. Rg3 Rf1 59.
Rg7 Rh1+ 0-1

[Event "4. Mem- Oliver Gonzalez 2015 - Torneo B"]
[Site "Madrid ESP"]
[Date "2015.10.14"]
[Round "5.4"]
[White "Laynez Aspenberg, Jose"]
[Black "Camarero Izquierdo, Juan Carlo"]
[Result "1-0"]
[WhiteElo "1858"]
[BlackElo "1890"]
[PlyCount "75"]
[EventDate "2015.10.10"]
[EventType "swiss"]
[EventRounds "9"]
[EventCountry "ESP"]
[Source "lmi"]
[SourceDate "2015.10.10"]

1. d4 f5 2. e4 fxe4 3. Nc3 Nf6 4. f3 e3 5. Bxe3 e6 6. Bd3 Bb4 7. Nge2 Nd5 8.
Qd2 O-O 9. a3 Bxc3 10. Nxc3 Nxc3 11. Qxc3 Nc6 12. O-O-O Rb8 13. h4 b5 14. Bg5
Qe8 15. d5 b4 16. axb4 Nxb4 17. Qxc7 Rb6 18. Rhe1 Nxd5 19. Bxh7+ Kxh7 20. Rxd5
Qg6 21. Rc5 d6 22. Rc6 Rxc6 23. Qxc6 e5 24. Rd1 Be6 25. Rxd6 Rc8 26. Qxc8 Bxc8
27. Rxg6 Kxg6 28. Kd2 Kf5 29. c4 Bb7 30. Ke3 Ke6 31. Bd8 Kd7 32. Ba5 Ke6 33. g4
a6 34. Bc3 g6 35. f4 exf4+ 36. Kxf4 Kd6 37. h5 gxh5 38. gxh5 1-0

[Event "4. Mem- Oliver Gonzalez 2015 - Torneo B"]
[Site "Madrid ESP"]
[Date "2015.10.14"]
[Round "5.5"]
[White "Molano Lafuente, Ismael"]
[Black "Tevar Becerra, Alvaro"]
[Result "1-0"]
[WhiteElo "1943"]
[BlackElo "1682"]
[PlyCount "133"]
[EventDate "2015.10.10"]
[EventType "swiss"]
[EventRounds "9"]
[EventCountry "ESP"]
[Source "lmi"]
[SourceDate "2015.10.10"]

1. f4 Nc6 2. Nf3 b6 3. e4 Bb7 4. d3 e6 5. Be2 d5 6. e5 Qd7 7. d4 Be7 8. Be3 Nh6
9. c3 Nf5 10. Bf2 h5 11. g3 O-O-O 12. Nbd2 f6 13. b4 Rdg8 14. Qb3 fxe5 15. fxe5
g5 16. O-O-O Rf8 17. Rdf1 Rf7 18. Ne1 g4 19. Nc2 Bg5 20. Be1 Rhf8 21. Rhg1 Ne3
22. Rxf7 Rxf7 23. Kb2 Qe7 24. Ka1 Qf8 25. Bd3 Qh6 26. Nxe3 Bxe3 27. Rg2 Ne7 28.
Qa4 Nc6 29. a3 Kb8 30. Ka2 Rf8 31. Qd1 Ne7 32. Nb3 Nf5 33. Qb1 Bc6 34. b5 Be8
35. Na1 Bg6 36. Re2 Bg5 37. Rf2 Be3 38. Rf1 Bd2 39. Nc2 Bxe1 40. Qxe1 Ne7 41.
Bxg6 Nxg6 42. Rxf8+ Qxf8 43. Nb4 Ne7 44. a4 Qf3 45. Qd2 Kb7 46. Nd3 Nf5 47. Nf4
Ng7 48. Kb2 Qf1 49. Qe2 Qxe2+ 50. Nxe2 Kc8 51. Kc2 Kd7 52. Kd2 Nf5 53. Nf4 h4
54. gxh4 Nxh4 55. Ke3 Nf3 56. h3 Nh2 57. h4 Ke7 58. Kf2 Nf3 59. Kg3 Nd2 60.
Kxg4 Ne4 61. Ne2 Kf7 62. Kf4 Kg6 63. c4 Nf2 64. cxd5 exd5 65. Nc3 Nd3+ 66. Kg4
Nb4 67. h5+ 1-0

[Event "4. Mem- Oliver Gonzalez 2015 - Torneo B"]
[Site "Madrid ESP"]
[Date "2015.10.14"]
[Round "5.6"]
[White "Giraldo Gerrero, Laureano"]
[Black "Fernandez Aransay, Fernando"]
[Result "1-0"]
[WhiteElo "1674"]
[BlackElo "1833"]
[PlyCount "101"]
[EventDate "2015.10.10"]
[EventType "swiss"]
[EventRounds "9"]
[EventCountry "ESP"]
[Source "lmi"]
[SourceDate "2015.10.10"]

1. e4 c5 2. Nf3 d6 3. d4 cxd4 4. Nxd4 Nf6 5. Nc3 g6 6. Bb5+ Bd7 7. Bxd7+ Nbxd7
8. O-O Bg7 9. Be3 O-O 10. Qd2 Re8 11. Bh6 Nc5 12. Bxg7 Kxg7 13. Rfe1 Qa5 14.
Qg5 Kh8 15. e5 Ng8 16. exd6 f6 17. Qd5 e5 18. d7 Red8 19. Ne6 b6 20. Nxd8 Rxd8
21. Red1 Rxd7 22. Qa8 Qb4 23. Nd5 Qxb2 24. Nxf6 Rg7 25. Nxg8 Rxg8 26. Qxa7 Qxc2
27. Qf7 Rc8 28. Qf6+ Kg8 29. Qxe5 Rf8 30. Qd5+ Kg7 31. Qd4+ Kg8 32. Rd2 Qf5 33.
Qd5+ Qxd5 34. Rxd5 Ra8 35. g3 Kf7 36. Rd6 Ra6 37. Rb1 Rxa2 38. Rdxb6 Nd3 39.
Rf1 h5 40. h4 Kg7 41. f4 Nc5 42. Rc1 Ne4 43. Rc7+ Kh6 44. f5 Ra1+ 45. Kg2 Ra2+
46. Kf3 Nd2+ 47. Ke3 Nf1+ 48. Kd4 Ra4+ 49. Kc5 Ra5+ 50. Kb4 Rxf5 51. Rbb7 1-0

[Event "4. Mem- Oliver Gonzalez 2015 - Torneo B"]
[Site "Madrid ESP"]
[Date "2015.10.14"]
[Round "5.7"]
[White "Merino Araguas, Jose Javier"]
[Black "Wolf, Philipp"]
[Result "0-1"]
[WhiteElo "1734"]
[BlackElo "1476"]
[PlyCount "70"]
[EventDate "2015.10.10"]
[EventType "swiss"]
[EventRounds "9"]
[EventCountry "ESP"]
[Source "lmi"]
[SourceDate "2015.10.10"]

1. d4 Nf6 2. c4 e6 3. Nf3 b6 4. g3 Bb7 5. Bg2 Be7 6. Nc3 Bb4 7. Bd2 O-O 8. O-O
Bxc3 9. Bxc3 d6 10. b3 Nbd7 11. Bb2 Ne4 12. Qc2 Qc8 13. Rac1 c5 14. e3 f5 15.
Rfd1 a6 16. a3 Qc7 17. Ne1 Ng5 18. f3 Rae8 19. h4 Nf7 20. Qf2 e5 21. dxc5 Nxc5
22. b4 Ne6 23. Nd3 e4 24. Nf4 Nxf4 25. gxf4 exf3 26. Bxf3 Bxf3 27. Qxf3 Nh6 28.
Bd4 Re4 29. Rc3 Ng4 30. Rd2 Rfe8 31. Rg2 Rxd4 32. Rxg4 fxg4 33. Qxg4 Rxc4 34.
Rd3 Rc1+ 35. Rd1 Qc2 0-1